[Event "FIDE Olympiad Disabilties 2020"]
[Site "Online"]
[Date "2020.11.21"]
[Round "6.12"]
[White "Palacios Figueroa, Barbara del Valle"]
[Black "Lopes, Marcia Maria Dias"]
[Result "1/2-1/2"]
[WhiteElo "1724"]
[BlackElo "1363"]
[Annotator "NA"]
[PlyCount "127"]
[EventDate "2020.11.21"]
[EventType "team-tourn"]
[EventCountry "NET"]
[SourceTitle "playchess.com"]
[Source "ChessBase"]
[SourceQuality "1"]
[WhiteTeam "Venezuela"]
[BlackTeam "Brazil"]
[WhiteTeamCountry "VEN"]
[BlackTeamCountry "BRA"]

1. e4 c6 2. d4 d5 3. e5 Bf5 4. Nf3 e6 5. c3 Ne7 6. Be2 Nd7 7. Be3 h6 8. Na3 Bh7 9. Nc2 Nf5 10. h3 Be7 11. a3 O-O 12. O-O Rc8 13. Rc1 c5 14. b4 cxd4 15. Bxd4 a6 16. Bd3 Bg5 17. Nxg5 Qxg5 18. Qg4 Qxg4 19. hxg4 Nxd4 20. Bxh7+ Kxh7 21. Nxd4 Nxe5 22. f3 Nc4 23. a4 g5 24. a5 b6 25. axb6 Nxb6 26. Rfe1 Rfe8 27. Kf2 Na4 28. Re3 Rc4 29. Ke2 Kg7 30. Kd2 Rec8 31. Rc2 Kf6 32. Nb3 Rb8 33. Na5 Rb6 34. Nxc4 dxc4 35. Re4 Rd6+ 36. Ke2 Nb6 37. Rd4 Rd5 38. g3 e5 39. Rxd5 Nxd5 40. Kd2 Ke6 41. Ra2 Nc7 42. Ra5 Kd6 43. Ke3 f6 44. Ke4 Ke6 45. Rc5 Nb5 46. Rc6+ Kf7 47. Rxa6 Nxc3+ 48. Ke3 Nd5+ 49. Kd2 Nxb4 50. Rb6 Nd5 51. Rc6 Nb4 52. Rxc4 Nd5 53. Rc6 Ke7 54. Rc5 Nb4 55. Rb5 Nc6 56. Ke3 Nd4 57. Rb6 Ne6 58. Ke4 Nc5+ 59. Kf5 Nd7 60. Re6+ Kf8 61. Rd6 Ke7 62. Re6+ Kf8 63. Rc6 Ke7 64. Re6+ 1/2-1/2

[Event "FIDE Olympiad Disabilties 2020"]
[Site "Online"]
[Date "2020.11.21"]
[Round "6.13"]
[White "Venkat Kannan"]
[Black "Sahin, Handenur"]
[Result "1-0"]
[WhiteElo "2083"]
[BlackElo "1997"]
[Annotator "TA"]
[PlyCount "107"]
[EventDate "2020.11.21"]
[EventType "team-tourn"]
[EventCountry "NET"]
[SourceTitle "playchess.com"]
[Source "ChessBase"]
[SourceQuality "1"]
[WhiteTeam "India"]
[BlackTeam "Turkey"]
[WhiteTeamCountry "IND"]
[BlackTeamCountry "TUR"]

1. e4 e5 2. Nf3 Nc6 3. d4 exd4 4. Nxd4 Nf6 5. Nxc6 bxc6 6. e5 Qe7 7. Qe2 Nd5 8. h4 a5 9. c4 Nb6 10. Nc3 a4 11. Bg5 Qb4 12. a3 Qa5 13. Bd2 Qc5 14. Ne4 Qxe5 15. Bf4 Qe6 16. Bxc7 Nxc4 17. Qxc4 d5 18. Qc2 Qxe4+ 19. Qxe4+ dxe4 20. O-O-O Be6 21. Rd4 Bc5 22. Rxe4 O-O 23. Bc4 Bd5 24. Rf4 Rac8 25. Be5 f6 26. Bc3 Bxf2 27. Bxd5+ cxd5 28. Rxf2 d4 29. Rc2 dxc3 30. Rxc3 Kf7 31. Rd1 Rxc3+ 32. bxc3 Rc8 33. Kc2 Rc4 34. Rd7+ Kg6 35. h5+ Kxh5 36. Rxg7 Kh6 37. Rg8 Rc6 38. Kd3 Rb6 39. Ra8 Rb2 40. g4 Kg5 41. Rxa4 Rb3 42. Kc2 Rb7 43. Rd4 f5 44. gxf5 Kxf5 45. c4 Ke5 46. Rd5+ Ke4 47. Kc3 h6 48. Rh5 Ra7 49. Kb4 Kd4 50. Rh4+ Kd3 51. c5 Rb7+ 52. Ka5 Ra7+ 53. Kb6 Rxa3 54. Rh3+ 1-0

[Event "FIDE Olympiad Disabilties 2020"]
[Site "Online"]
[Date "2020.11.21"]
[Round "6.13"]
[White "Saltik, Suleyman"]
[Black "Ashutosh Shukla"]
[Result "1-0"]
[WhiteElo "1639"]
[BlackElo "1509"]
[Annotator "NA"]
[PlyCount "153"]
[EventDate "2020.11.21"]
[EventType "team-tourn"]
[EventCountry "NET"]
[SourceTitle "playchess.com"]
[Source "ChessBase"]
[SourceQuality "1"]
[WhiteTeam "Turkey"]
[BlackTeam "India"]
[WhiteTeamCountry "TUR"]
[BlackTeamCountry "IND"]

1. e4 c5 2. Nf3 e6 3. b3 d6 4. Bb2 Nf6 5. Bb5+ Bd7 6. Qe2 a6 7. Bxd7+ Nbxd7 8. O-O Be7 9. d4 cxd4 10. Nxd4 O-O 11. Nd2 Rc8 12. c4 Re8 13. Rad1 Qc7 14. Kh1 e5 15. Nf5 Nf8 16. f4 Ng6 17. fxe5 dxe5 18. Ne3 Qc6 19. Nd5 Bd8 20. Nf3 h6 21. Rde1 Re6 22. Qf2 Qe8 23. Nd2 Nh7 24. c5 Nf6 25. Nc4 Qb5 26. Nd6 Rxd6 27. cxd6 Rc6 28. d7 Rd6 29. Qf5 Qxd7 30. Qxd7 Rxd7 31. Nxf6+ Bxf6 32. Rd1 Rc7 33. Rc1 Rd7 34. Rfd1 Re7 35. Ba3 Re6 36. Rc8+ Kh7 37. Rc7 b6 38. Rd6 Rxd6 39. Bxd6 Nf4 40. Rxf7 Kg6 41. Ra7 a5 42. Bc7 Ne2 43. Bxb6 Nc3 44. Rxa5 Nxe4 45. Be3 Nd6 46. Rd5 Nf5 47. Bd2 Kf7 48. a4 Ke6 49. Rb5 Nd4 50. Rb6+ Kd5 51. a5 e4 52. a6 Nc6 53. Rb5+ Kd6 54. Bf4+ Kd7 55. Rb7+ Ke6 56. a7 Nxa7 57. Rxa7 Kf5 58. Be3 Ke5 59. b4 Kd5 60. b5 Be5 61. b6 Kc6 62. Re7 Bf6 63. Re6+ Kb7 64. Rxe4 Bd8 65. Kg1 Bf6 66. Re6 Bd8 67. Rg6 Bf6 68. Kf1 Bc3 69. Rd6 Be5 70. Rd7+ Kc8 71. Ra7 Bxh2 72. Rxg7 Be5 73. Rg8+ Kb7 74. Kf2 h5 75. Rg5 Bf6 76. Rxh5 Bd8 77. g4 1-0

[Event "FIDE Olympiad Disabilties 2020"]
[Site "Online"]
[Date "2020.11.21"]
[Round "6.13"]
[White "Demirel, Huseyin"]
[Black "Krishna, Udupa"]
[Result "1/2-1/2"]
[WhiteElo "1451"]
[BlackElo "1733"]
[Annotator "NA"]
[PlyCount "131"]
[EventDate "2020.11.21"]
[EventType "team-tourn"]
[EventCountry "NET"]
[SourceTitle "playchess.com"]
[Source "ChessBase"]
[SourceQuality "1"]
[WhiteTeam "Turkey"]
[BlackTeam "India"]
[WhiteTeamCountry "TUR"]
[BlackTeamCountry "IND"]

1. e4 c5 2. Nf3 Nc6 3. c3 d5 4. exd5 Qxd5 5. Be2 e5 6. d3 Nf6 7. O-O Be7 8. Nbd2 O-O 9. Qb3 Rd8 10. Qxd5 Rxd5 11. h3 Bf5 12. Ne1 Rad8 13. Bf3 R5d6 14. Ne4 R6d7 15. Be3 Nxe4 16. dxe4 Be6 17. Be2 g6 18. Nf3 f5 19. exf5 gxf5 20. Bb5 f4 21. Bxc6 bxc6 22. Nxe5 fxe3 23. Nxd7 exf2+ 24. Rxf2 Rxd7 25. b3 c4 26. b4 Bf7 27. Re2 Bf6 28. Rc1 Rd3 29. Rec2 Bg6 30. Rf2 Bxc3 31. Rf3 Bd4+ 32. Kf1 c3 33. a4 Rxf3+ 34. gxf3 c2 35. Ke2 Bb2 36. Kd2 Bxc1+ 37. Kxc1 Kf8 38. h4 Kg7 39. Kd2 Kh6 40. f4 Kh5 41. b5 Kxh4 42. bxc6 Kg4 43. c7 Bf5 44. c8=Q Bxc8 45. Kxc2 Kxf4 46. Kd2 Kf3 47. Ke1 h5 48. Kf1 Kg3 49. Kg1 h4 50. Kh1 h3 51. a5 h2 52. a6 Kf4 53. Kxh2 Bxa6 54. Kg2 Bc4 55. Kf2 Ke4 56. Ke1 a5 57. Kd2 Ba2 58. Kc3 Kd5 59. Kb2 Bc4 60. Kc3 Kc5 61. Kb2 Kb4 62. Ka1 a4 63. Kb2 Bb3 64. Kb1 a3 65. Ka1 Bc4 66. Kb1 1/2-1/2

[Event "FIDE Olympiad Disabilties 2020"]
[Site "Online"]
[Date "2020.11.21"]
[Round "6.13"]
[White "Megha Chakraborty"]
[Black "Sahin, Huseyin"]
[Result "0-1"]
[WhiteElo "1232"]
[BlackElo "1788"]
[Annotator "NA"]
[PlyCount "94"]
[EventDate "2020.11.21"]
[EventType "team-tourn"]
[EventCountry "NET"]
[SourceTitle "playchess.com"]
[Source "ChessBase"]
[SourceQuality "1"]
[WhiteTeam "India"]
[BlackTeam "Turkey"]
[WhiteTeamCountry "IND"]
[BlackTeamCountry "TUR"]

1. e4 c5 2. Nf3 Nc6 3. d4 cxd4 4. Nxd4 g6 5. Nc3 Bg7 6. Be3 d6 7. Qd2 Nf6 8. Be2 O-O 9. Nxc6 bxc6 10. Bh6 Rb8 11. Bxg7 Kxg7 12. Rb1 Qa5 13. O-O Bg4 14. Bxg4 Nxg4 15. Rfd1 Kg8 16. Qf4 h5 17. h3 Ne5 18. a3 Nc4 19. Qc1 Nxb2 20. Rxb2 Qxc3 21. Rxb8 Rxb8 22. Rd3 Qc4 23. f3 Qc5+ 24. Kh1 Qf2 25. Rd2 Qe3 26. Rd1 Qxc1 27. Rxc1 Rb2 28. c4 c5 29. Rc3 a5 30. h4 a4 31. Rc1 Rb3 32. Ra1 Rc3 33. Kg1 Rxc4 34. Rb1 Rc3 35. Rb8+ Kg7 36. Ra8 Rxa3 37. Ra7 Kf6 38. Kh2 Ra1 39. f4 a3 40. e5+ dxe5 41. fxe5+ Ke6 42. Ra5 a2 43. Kg3 c4 44. Ra6+ Kxe5 45. Ra5+ Kf6 46. Ra3 c3 47. Rxc3 Rb1 0-1

[Event "FIDE Olympiad Disabilties 2020"]
[Site "Online"]
[Date "2020.11.21"]
[Round "6.14"]
[White "Soltanov, Serik"]
[Black "Venkata, Krishna Karthik K"]
[Result "1/2-1/2"]
[WhiteElo "2266"]
[BlackElo "1903"]
[Annotator "TA"]
[PlyCount "59"]
[EventDate "2020.11.21"]
[EventType "team-tourn"]
[EventCountry "NET"]
[SourceTitle "playchess.com"]
[Source "ChessBase"]
[SourceQuality "1"]
[WhiteTeam "Kazakhstan"]
[BlackTeam "India"]
[WhiteTeamCountry "KAZ"]
[BlackTeamCountry "IND"]

1. d4 d5 2. Nf3 Nf6 3. g3 g6 4. Bg2 Bg7 5. O-O O-O 6. Bf4 c6 7. c3 Qb6 8. Qb3 Bf5 9. Ne5 Nbd7 10. Nd2 Nxe5 11. Bxe5 Qxb3 12. axb3 Nd7 13. Bxg7 Kxg7 14. f4 f6 15. Rfe1 e5 16. e3 a6 17. Bf1 exf4 18. exf4 Rfe8 19. Kf2 Kf7 20. Rxe8 Rxe8 21. Re1 Rxe1 22. Kxe1 Nb6 23. Kf2 Nc8 24. Ke3 Nd6 25. h3 h5 26. h4 Bc2 27. Bh3 Bf5 28. Bf1 Bg4 29. Bd3 Bf5 30. Bf1 1/2-1/2

[Event "FIDE Olympiad Disabilties 2020"]
[Site "Online"]
[Date "2020.11.21"]
[Round "6.14"]
[White "Patra Subhendu Kumar"]
[Black "Kozhabekov, Adilkhan"]
[Result "1/2-1/2"]
[WhiteElo "1783"]
[BlackElo "2080"]
[Annotator "TA"]
[PlyCount "149"]
[EventDate "2020.11.21"]
[EventType "team-tourn"]
[EventCountry "NET"]
[SourceTitle "playchess.com"]
[Source "ChessBase"]
[SourceQuality "1"]
[WhiteTeam "India"]
[BlackTeam "Kazakhstan"]
[WhiteTeamCountry "IND"]
[BlackTeamCountry "KAZ"]

1. e4 c5 2. Nf3 d6 3. d4 cxd4 4. Nxd4 Nf6 5. Nc3 a6 6. h3 g6 7. g4 Bg7 8. Be3 Nc6 9. Bg2 O-O 10. Qd2 Re8 11. f4 Na5 12. b3 e5 13. Nde2 Nc6 14. Rd1 Qa5 15. O-O Rd8 16. a4 exf4 17. Bxf4 Ne5 18. Nd5 Qxd2 19. Rxd2 Nxd5 20. Rxd5 Be6 21. Rd2 Rac8 22. Nd4 Rc3 23. Ne2 Rc7 24. Rfd1 h6 25. Nd4 Bc8 26. c4 Re8 27. Ne2 Bf8 28. Nc3 Be6 29. Nd5 Bxd5 30. Rxd5 Rc6 31. Be3 f6 32. Kh2 Kf7 33. Kg3 Ke6 34. h4 g5 35. hxg5 hxg5 36. Rh1 Be7 37. Rh6 Nf7 38. Rh7 Rh8 39. Rxh8 Nxh8 40. Bf1 Ng6 41. b4 Ne5 42. b5 axb5 43. Rxb5 Nxc4 44. Bxc4+ Rxc4 45. a5 Rxe4 46. Bd2 Rd4 47. Bb4 Rd3+ 48. Kg2 Rb3 49. Rxb7 Rb2+ 50. Kf3 Ra2 51. Rb6 Kd5 52. a6 Ke5 53. Rb7 Ke6 54. a7 Bd8 55. Rb8 Rxa7 56. Rxd8 d5 57. Rd6+ Ke5 58. Rc6 Ra4 59. Be7 Rf4+ 60. Kg3 Rf1 61. Bd6+ Ke4 62. Be7 f5 63. Bxg5 fxg4 64. Kxg4 Rg1+ 65. Kh5 d4 66. Rd6 d3 67. Kg6 Rg2 68. Kf6 Rf2+ 69. Ke6 Rg2 70. Bh6 Rg6+ 71. Ke7 Rxd6 72. Kxd6 Kf3 73. Kd5 Ke2 74. Kd4 d2 75. Bxd2 1/2-1/2

[Event "FIDE Olympiad Disabilties 2020"]
[Site "Online"]
[Date "2020.11.21"]
[Round "6.14"]
[White "Zhukovskaya, Nina"]
[Black "Soundarya Kumar Pradhan"]
[Result "0-1"]
[WhiteElo "1475"]
[BlackElo "1746"]
[Annotator "NA"]
[PlyCount "96"]
[EventDate "2020.11.21"]
[EventType "team-tourn"]
[EventCountry "NET"]
[SourceTitle "playchess.com"]
[Source "ChessBase"]
[SourceQuality "1"]
[WhiteTeam "Kazakhstan"]
[BlackTeam "India"]
[WhiteTeamCountry "KAZ"]
[BlackTeamCountry "IND"]

1. c4 e6 2. Nc3 Nf6 3. d3 d5 4. cxd5 exd5 5. d4 Bb4 6. Bd2 O-O 7. g3 c5 8. Nf3 Nc6 9. a3 Bxc3 10. Bxc3 Ne4 11. dxc5 Nxc3 12. bxc3 Qa5 13. Qc2 Bf5 14. Qd2 Qxc5 15. Bg2 Rfe8 16. O-O Qc4 17. e3 Be4 18. Rfd1 Rac8 19. Nd4 Ne5 20. Rac1 Nd3 21. Ra1 Ne5 22. f3 Bg6 23. f4 Nc6 24. Bf1 Nxd4 25. Qxd4 Qxd4 26. Rxd4 Rxc3 27. Rxd5 Be4 28. Rd7 Bc6 29. Rd6 g6 30. Ra2 Rexe3 31. a4 Ra3 32. Rxa3 Rxa3 33. Bb5 Bxb5 34. axb5 Ra5 35. b6 Kf8 36. bxa7 Rxa7 37. Rb6 Ke7 38. Kg2 f5 39. h4 Kd7 40. Kf3 Kc7 41. Rf6 b5 42. h5 Ra3+ 43. Kg2 b4 44. h6 b3 45. Rf7+ Kc6 46. Rxh7 b2 47. Rb7 Kxb7 48. h7 Ra8 0-1

[Event "FIDE Olympiad Disabilties 2020"]
[Site "Online"]
[Date "2020.11.21"]
[Round "6.14"]
[White "Sarita Manoj Kataria"]
[Black "Nuserova, Almash"]
[Result "1-0"]
[WhiteElo "1266"]
[BlackElo "1245"]
[Annotator "NA"]
[PlyCount "107"]
[EventDate "2020.11.21"]
[EventType "team-tourn"]
[EventCountry "NET"]
[SourceTitle "playchess.com"]
[Source "ChessBase"]
[SourceQuality "1"]
[WhiteTeam "India"]
[BlackTeam "Kazakhstan"]
[WhiteTeamCountry "IND"]
[BlackTeamCountry "KAZ"]

1. e4 c5 2. d3 Nc6 3. Nf3 g6 4. Nc3 Bg7 5. g3 d6 6. Bg2 Nf6 7. O-O O-O 8. Re1 Qc7 9. Be3 Bd7 10. Qd2 a6 11. Bh6 Rfe8 12. Bxg7 Kxg7 13. Re2 Qc8 14. Rae1 e5 15. a3 b5 16. Nd5 Nxd5 17. exd5 Nd4 18. Nxd4 cxd4 19. Qb4 Bg4 20. f3 Bh3 21. Qxd6 Bxg2 22. Kxg2 Qd8 23. Qxd8 Raxd8 24. Rxe5 Rxe5 25. Rxe5 Kf6 26. f4 h5 27. Kf1 Rc8 28. Re2 a5 29. Ke1 Rd8 30. Re5 b4 31. axb4 axb4 32. Kd2 Rc8 33. d6 Rd8 34. Rd5 Ke6 35. Rxd4 Rxd6 36. Rxb4 Kf5 37. h3 Re6 38. Rb5+ Kf6 39. c4 Kg7 40. c5 Kh6 41. Rb6 Re7 42. c6 Rc7 43. b4 g5 44. fxg5+ Kxg5 45. b5 f5 46. Rb7 Rc8 47. c7 f4 48. gxf4+ Kxf4 49. b6 Kg3 50. Rb8 Rxb8 51. cxb8=Q+ Kxh3 52. Qh8 h4 53. Qxh4+ Kxh4 54. b7 1-0

[Event "FIDE Olympiad Disabilties 2020"]
[Site "Online"]
[Date "2020.11.21"]
[Round "6.15"]
[White "Zafirovski, Tode"]
[Black "Shahpalangov, Aydin"]
[Result "1/2-1/2"]
[WhiteElo "2138"]
[BlackElo "1945"]
[Annotator "TA"]
[PlyCount "57"]
[EventDate "2020.11.21"]
[EventType "team-tourn"]
[EventCountry "NET"]
[SourceTitle "playchess.com"]
[Source "ChessBase"]
[SourceQuality "1"]
[WhiteTeam "Macedonia"]
[BlackTeam "Azerbaijan"]
[WhiteTeamCountry "MKD"]
[BlackTeamCountry "AZE"]

1. e4 c5 2. Nf3 a6 3. d4 cxd4 4. Nxd4 Nf6 5. Nc3 e5 6. Nf3 Bb4 7. Bd3 d5 8. Bg5 d4 9. a3 Bxc3+ 10. bxc3 Qa5 11. Bxf6 Qxc3+ 12. Nd2 gxf6 13. O-O Rg8 14. Kh1 Nc6 15. Nc4 Be6 16. Nd6+ Kd7 17. Nf5 Bxf5 18. exf5 Rg7 19. Qf3 Kd6 20. Rab1 b5 21. Rb3 Qc5 22. Be4 Rc8 23. Qh3 Ke7 24. Qh6 Rcg8 25. Qd2 Rg4 26. Re1 Qc4 27. Qd3 Na5 28. Rbb1 Qc5 29. h3 1/2-1/2

[Event "FIDE Olympiad Disabilties 2020"]
[Site "Online"]
[Date "2020.11.21"]
[Round "6.15"]
[White "Gelman, Gennadiy"]
[Black "Trkaljanov, Vladimir"]
[Result "0-1"]
[WhiteElo "1919"]
[BlackElo "2096"]
[Annotator "RC"]
[PlyCount "98"]
[EventDate "2020.11.21"]
[EventType "team-tourn"]
[EventCountry "NET"]
[SourceTitle "playchess.com"]
[Source "ChessBase"]
[SourceQuality "1"]
[WhiteTeam "Azerbaijan"]
[BlackTeam "Macedonia"]
[WhiteTeamCountry "AZE"]
[BlackTeamCountry "MKD"]

1. b3 e5 2. Bb2 Nc6 3. e3 Nf6 4. c4 d6 5. d3 Be7 6. Be2 O-O 7. Nc3 Be6 8. Nf3 Qd7 9. a3 Rad8 10. Qc2 Bf5 11. e4 Bg4 12. Nd5 Nxd5 13. cxd5 Nb8 14. d4 Bxf3 15. Bxf3 exd4 16. Bxd4 c5 17. Bb2 Qb5 18. Be2 Qb6 19. O-O Nd7 20. Rad1 Bf6 21. Bc1 Rfe8 22. Be3 Qa5 23. a4 a6 24. Bd2 Qc7 25. b4 c4 26. Rc1 b5 27. a5 Rc8 28. Bg4 Re7 29. f4 Rce8 30. Rfe1 Bd4+ 31. Kh1 g6 32. Bf3 Nf6 33. g4 c3 34. Be3 Bxe3 35. Rxe3 Nxd5 36. Rd3 Nxb4 37. Qxc3 Nxd3 38. Qxc7 Rxc7 39. Rxc7 Nxf4 40. Rc6 d5 41. Kg1 dxe4 42. Rf6 Nd5 43. Rd6 exf3 44. Rxd5 Re1+ 45. Kf2 Ra1 46. Kxf3 Rxa5 47. h4 Kg7 48. h5 Ra1 49. hxg6 hxg6 0-1

[Event "FIDE Olympiad Disabilties 2020"]
[Site "Online"]
[Date "2020.11.21"]
[Round "6.15"]
[White "Gjorgjevski, Janco"]
[Black "Aghalarov, Habibulla"]
[Result "1-0"]
[WhiteElo "1904"]
[BlackElo "1923"]
[Annotator "NA"]
[PlyCount "59"]
[EventDate "2020.11.21"]
[EventType "team-tourn"]
[EventCountry "NET"]
[SourceTitle "playchess.com"]
[Source "ChessBase"]
[SourceQuality "1"]
[WhiteTeam "Macedonia"]
[BlackTeam "Azerbaijan"]
[WhiteTeamCountry "MKD"]
[BlackTeamCountry "AZE"]

1. c4 e6 2. Nc3 Nf6 3. d4 Bb4 4. Qb3 Nc6 5. Nf3 Be7 6. e4 d6 7. d5 exd5 8. cxd5 Ne5 9. Be2 Nxf3+ 10. Bxf3 Nd7 11. Be3 Bf6 12. O-O Kf8 13. Rac1 a6 14. a4 b6 15. Rfd1 Nc5 16. Qc4 a5 17. b4 axb4 18. Qxb4 Bd7 19. Bxc5 bxc5 20. Qb3 Bxc3 21. Qxc3 Rxa4 22. e5 h5 23. Re1 Bg4 24. e6 Qa8 25. e7+ Ke8 26. Qxg7 Kd7 27. Qxf7 Qd8 28. Bxg4+ hxg4 29. e8=Q+ Kc8 30. Qxa4 1-0

[Event "FIDE Olympiad Disabilties 2020"]
[Site "Online"]
[Date "2020.11.21"]
[Round "6.16"]
[White "Perez, Gilbert"]
[Black "Mappa, Saharuddin"]
[Result "0-1"]
[WhiteElo "1835"]
[BlackElo "1695"]
[Annotator "NA"]
[PlyCount "66"]
[EventDate "2020.11.21"]
[EventType "team-tourn"]
[EventCountry "NET"]
[SourceTitle "playchess.com"]
[Source "ChessBase"]
[SourceQuality "1"]
[WhiteTeam "Canada"]
[BlackTeam "Malaysia"]
[WhiteTeamCountry "CAN"]
[BlackTeamCountry "MAS"]

1. e4 e5 2. Nf3 d6 3. d4 exd4 4. Qxd4 Nf6 5. Nc3 Be7 6. Bg5 a6 7. h3 b5 8. Be2 O-O 9. g4 Bb7 10. O-O-O c5 11. Qe3 b4 12. Nd5 Nxd5 13. exd5 Bxg5 14. Nxg5 Re8 15. Qf4 Qf6 16. Qd2 Rxe2 17. Qxe2 Qxg5+ 18. Kb1 Nd7 19. f4 Qd8 20. g5 Nb6 21. Qg2 Qd7 22. f5 Qxf5 23. Rhf1 Qd7 24. h4 Re8 25. h5 Re5 26. g6 hxg6 27. hxg6 fxg6 28. Qxg6 Nxd5 29. Kc1 Qe7 30. Rg1 Nf4 31. Qg4 Ne2+ 32. Kd2 Rd5+ 33. Ke1 Nxg1+ 0-1

[Event "FIDE Olympiad Disabilties 2020"]
[Site "Online"]
[Date "2020.11.21"]
[Round "6.16"]
[White "Morin, Louis"]
[Black "Ahmad, Aqilah Syahira"]
[Result "1-0"]
[WhiteElo "1806"]
[BlackElo "1146"]
[Annotator "NA"]
[PlyCount "111"]
[EventDate "2020.11.21"]
[EventType "team-tourn"]
[EventCountry "NET"]
[SourceTitle "playchess.com"]
[Source "ChessBase"]
[SourceQuality "1"]
[WhiteTeam "Canada"]
[BlackTeam "Malaysia"]
[WhiteTeamCountry "CAN"]
[BlackTeamCountry "MAS"]

1. e4 e5 2. Nf3 Nc6 3. Bc4 d6 4. d4 exd4 5. Nxd4 Ne5 6. Be2 Nf6 7. Nc3 Be7 8. f4 Ned7 9. O-O O-O 10. Be3 b6 11. Qe1 Nc5 12. Bf3 Bb7 13. e5 dxe5 14. fxe5 Nd5 15. Nxd5 Bxd5 16. Rd1 Bxf3 17. Rxf3 Qd5 18. Bf4 Qxa2 19. Nf5 Bd8 20. Qg3 g6 21. Bh6 Re8 22. Ng7 Rf8 23. Nh5 Re8 24. Qf4 f5 25. exf6 Qf7 26. b4 Ne4 27. Ng7 Bxf6 28. Nxe8 Rxe8 29. Re1 Bd4+ 30. Kf1 Qxf4 31. Bxf4 Nd6 32. Bxd6 Rxe1+ 33. Kxe1 cxd6 34. Ke2 Be5 35. h3 Kg7 36. Kd3 h5 37. b5 Kh6 38. Ke4 Kg5 39. Rf7 Kh6 40. Rxa7 Kg5 41. Ra6 Kh4 42. Rxb6 Kg3 43. Rc6 g5 44. b6 Bf4 45. Rc3+ Kxg2 46. Kd5 g4 47. hxg4 hxg4 48. b7 Bd2 49. Rd3 Bf4 50. b8=Q g3 51. Qb2 Kh2 52. Qh8+ Kg2 53. Qh4 Kf2 54. Qxf4+ Kg2 55. Rxg3+ Kh2 56. Qh4# 1-0

[Event "FIDE Olympiad Disabilties 2020"]
[Site "Online"]
[Date "2020.11.21"]
[Round "6.16"]
[White "Muming, Ardian Syah"]
[Black "Song, Guannan Terry"]
[Result "0-1"]
[WhiteElo "1431"]
[BlackElo "2145"]
[Annotator "RC"]
[PlyCount "144"]
[EventDate "2020.11.21"]
[EventType "team-tourn"]
[EventCountry "NET"]
[SourceTitle "playchess.com"]
[Source "ChessBase"]
[SourceQuality "1"]
[WhiteTeam "Malaysia"]
[BlackTeam "Canada"]
[WhiteTeamCountry "MAS"]
[BlackTeamCountry "CAN"]

1. d4 Nf6 2. c4 c5 3. Nf3 cxd4 4. Nxd4 b6 5. Nf3 Bb7 6. g3 g6 7. Bg2 Bg7 8. Nc3 O-O 9. O-O d6 10. Re1 Nbd7 11. e4 Rc8 12. Qe2 Re8 13. Bd2 Qc7 14. b3 Qb8 15. Rac1 a6 16. Nd5 e6 17. Nxf6+ Nxf6 18. Ng5 h6 19. Nh3 d5 20. e5 Ne4 21. f4 Nxd2 22. Qxd2 dxc4 23. bxc4 Bf8 24. Bxb7 Qxb7 25. Qg2 Qxg2+ 26. Kxg2 Red8 27. Re2 b5 28. Rec2 Ba3 29. Rb1 Rxc4 30. Re2 Rdc8 31. Nf2 Rc2 32. Rxc2 Rxc2 33. Kf3 Rxa2 34. Rd1 Be7 35. Ne4 Rc2 36. Rd7 Kf8 37. Ra7 Rc8 38. Rxa6 Rb8 39. Ke2 b4 40. Kd1 Rb7 41. Kc2 g5 42. Kb3 gxf4 43. gxf4 Kg7 44. Rc6 Kg6 45. Nd6 Bxd6 46. exd6 Kf6 47. Rc7 Rb5 48. h3 Rd5 49. d7 Rd4 50. Ka4 h5 51. Kb3 h4 52. Ka4 e5 53. fxe5+ Kxe5 54. d8=Q Rxd8 55. Rxf7 Rd4 56. Rh7 Rf4 57. Kb3 Kd5 58. Rd7+ Kc5 59. Rc7+ Kb5 60. Rb7+ Kc5 61. Rc7+ Kd4 62. Kxb4 Ke3+ 63. Kc3 Kf2 64. Rg7 Rf3+ 65. Kd2 Rxh3 66. Rf7+ Rf3 67. Rh7 h3 68. Rh8 Rg3 69. Rf8+ Kg2 70. Ke2 h2 71. Rf2+ Kh3 72. Rf1 Rg1 0-1

[Event "FIDE Olympiad Disabilties 2020"]
[Site "Online"]
[Date "2020.11.21"]
[Round "6.17"]
[White "Amato, Leonel"]
[Black "Aigner, Michael"]
[Result "0-1"]
[WhiteElo "2100"]
[BlackElo "2006"]
[Annotator "TA"]
[PlyCount "116"]
[EventDate "2020.11.21"]
[EventType "team-tourn"]
[EventCountry "NET"]
[SourceTitle "playchess.com"]
[Source "ChessBase"]
[SourceQuality "1"]
[WhiteTeam "Argentina"]
[BlackTeam "United States"]
[WhiteTeamCountry "ARG"]
[BlackTeamCountry "USA"]

1. d4 d5 2. Bg5 c6 3. e3 Qb6 4. Qc1 Bf5 5. Nf3 h6 6. Bh4 Nd7 7. Be2 Ngf6 8. O-O e6 9. c4 Be7 10. Nc3 Qd8 11. a3 a5 12. c5 Ne4 13. Bg3 Nxg3 14. hxg3 O-O 15. Qd2 Qc7 16. Bd3 Bxd3 17. Qxd3 e5 18. Qf5 g6 19. Qh3 Kg7 20. g4 e4 21. Nd2 Bg5 22. Qh2 Qxh2+ 23. Kxh2 h5 24. gxh5 Rh8 25. g3 Rxh5+ 26. Kg2 Rah8 27. Rh1 Rxh1 28. Rxh1 Rxh1 29. Kxh1 b6 30. b4 axb4 31. axb4 bxc5 32. bxc5 Bd8 33. Nb3 Nb8 34. Kg2 Kf6 35. Kf1 Na6 36. Ke2 Nb4 37. f3 exf3+ 38. Kxf3 Ke6 39. Ne2 Nd3 40. Nf4+ Nxf4 41. exf4 Bc7 42. Nc1 Ba5 43. g4 f6 44. Nd3 Bd8 45. Ke3 Ba5 46. g5 fxg5 47. fxg5 Bd8 48. Kf4 Bc7+ 49. Kg4 Bh2 50. Ne1 Bg1 51. Nf3 Be3 52. Ne5 Bxd4 53. Nxc6 Bxc5 54. Nd8+ Ke5 55. Nb7 Bb6 56. Kg3 d4 57. Kf3 Kd5 58. Kf4 Kc6 0-1

[Event "FIDE Olympiad Disabilties 2020"]
[Site "Online"]
[Date "2020.11.21"]
[Round "6.17"]
[White "Thilaganathan, Jessica"]
[Black "Grosso, Raul"]
[Result "0-1"]
[WhiteElo "1892"]
[BlackElo "1746"]
[Annotator "NA"]
[PlyCount "92"]
[EventDate "2020.11.21"]
[EventType "team-tourn"]
[EventCountry "NET"]
[SourceTitle "playchess.com"]
[Source "ChessBase"]
[SourceQuality "1"]
[WhiteTeam "England"]
[BlackTeam "Argentina"]
[WhiteTeamCountry "ENG"]
[BlackTeamCountry "ARG"]

1. c4 e5 2. g3 Nc6 3. Bg2 f5 4. e3 Nf6 5. Nc3 Bc5 6. Nge2 d6 7. O-O O-O 8. a3 a5 9. b3 Bd7 10. d4 Bb6 11. d5 Ne7 12. h3 Qe8 13. e4 f4 14. gxf4 Qh5 15. Qd3 Ng6 16. Qg3 exf4 17. Bxf4 Nxf4 18. Nxf4 Qe5 19. Rae1 Bd4 20. Nb1 Nh5 21. Nxh5 Qxh5 22. Nd2 Rf6 23. Kh1 Rg6 24. Qh2 Bc3 25. Rd1 Rh6 26. Bf3 Qxh3 27. Qxh3 Rxh3+ 28. Kg2 Rh4 29. Rh1 Rxh1 30. Kxh1 Rf8 31. Kg2 g6 32. Nf1 Bb2 33. a4 h5 34. Ne3 Be5 35. Rh1 Kg7 36. Nf1 Bf4 37. Ng3 Bxg3 38. Kxg3 Kf6 39. Rh4 Ke5 40. Be2 Be8 41. f4+ Kxe4 42. f5+ Ke3 43. Bf3 gxf5 44. Bxh5 f4+ 45. Kg2 f3+ 46. Kf1 Rh8 0-1